| 000 | 00782nam a2200229Ia 4500 | ||
|---|---|---|---|
| 003 | GCL | ||
| 008 | 140319s9999 xx 000 0 ara d | ||
| 040 |
_aGCL / _cGCL |
||
| 082 | 0 | 4 |
_a910.02 _bع ج |
| 100 | 1 | _aعبدالعزيز طريح شرف | |
| 245 | 1 | 0 |
_aالجغرافيا المناخية والنباتية مع التطبيق على مناخ افريقيا ومناخ العالم العربى / _cعبدالعزيز طريح شرف |
| 260 |
_a[S.N] : _bدار المعرفة الجامعية ، _c1995 |
||
| 300 | _a611 ص | ||
| 490 | _a | ||
| 650 | 0 | 4 | _aالجغرافيا الطبيعية |
| 650 | 0 | 4 | _aافريقيا |
| 650 | 0 | 4 | _aالمناخ |
| 650 | 0 | 4 | _aالنبات |
| 650 | 0 | 4 | _aالارض |
| 650 | 0 | 4 | _aالظواهر الجوية |
| 942 |
_2ddc _cBK |
||
| 999 |
_c34339 _d34339 |
||